Escritores de Chile: I, Epoca colonial
Gespeichert in:
| 1. Verfasser: | |
|---|---|
| Format: | Buch |
| Sprache: | Spanisch |
| Veröffentlicht: |
Santiago
Imprenta Universitaria
1932
|
| Ausgabe: | 1a. ed |
| Schlagworte: | |
| Tags: |
Tag hinzufügen
Keine Tags, Fügen Sie den ersten Tag hinzu!
|
MARC
| LEADER | 00000nam a2200000 a 4500 | ||
|---|---|---|---|
| 001 | UCJ3960 | ||
| 003 | CL-VaPUC | ||
| 005 | 20240123152351.0 | ||
| 008 | 070124e19320510CL |||||||||||||||||spa|d | ||
| 999 | |c 320078 |d 320076 | ||
| 040 | |c Pontificia Universidad Católica de Valparaíso | ||
| 082 | 0 | 4 | |a Ch860 |b SOL |2 21 |
| 100 | 0 | |a Solar Correa, Eduardo |e author |9 504956 | |
| 245 | 1 | 0 | |a Escritores de Chile: I, Epoca colonial |
| 250 | |a 1a. ed | ||
| 260 | |a Santiago |b Imprenta Universitaria |c 1932 | ||
| 300 | |a 123 p | ||
| 583 | |a last modification |c 20070124 00:00:00 |k Rodrigo Vera | ||
| 600 | 0 | 7 | |a VALDIVIA, PEDRO DE |2 CL-VaPUC |9 317024 |
| 600 | 0 | 7 | |a GONGORA Y MARMOLEJO, ALONSO |2 CL-VaPUC |9 506642 |
| 600 | 0 | 7 | |a ERCILLA, ALONSO DE |2 CL-VaPUC |9 506643 |
| 600 | 0 | |a Oña, Pedro de, |d 1570-1643 |9 316411 | |
| 600 | 0 | |a Ovalle, Alonso de, |d 1601-1651 |9 879554 | |
| 600 | 0 | 7 | |a ROSALES, DIEGO DE |2 CL-VaPUC |9 420187 |
| 600 | 0 | 7 | |a PINEDA Y BASCUÑAN, FRANCISCO DE |2 CL-VaPUC |9 506644 |
| 600 | 0 | 7 | |a TESILLO, SANTIAGO DE |2 CL-VaPUC |9 506135 |
| 600 | 0 | |a Olivares, Miguel de, |d 1713-1793 |9 506645 | |
| 600 | 0 | 7 | |a CORDOVA Y FIGUEROA, PEDRO PASCUAL DE |2 CL-VaPUC |9 506646 |
| 600 | 0 | |a Lacunza y Díaz, Manuel |d 1731-1801 |q Ben-Ezra, Juan Josafat |9 505297 | |
| 600 | 0 | |a Molina, Juan Ignacio, |d 1740-1829 |q Molina, Giovanni Ignazio |9 329528 | |
| 600 | 0 | 7 | |a GOMEZ DE VIDAURRE, FELIPE |2 CL-VaPUC |9 506647 |
| 600 | 0 | 7 | |a MUJICA, LORENZO |2 CL-VaPUC |9 506648 |
| 600 | 0 | 7 | |a LOPEZ, FRANCISCO |2 CL-VaPUC |9 506649 |
| 650 | 0 | |a Antología |9 327336 | |
| 650 | 0 | |a Crítica literaria |9 269189 | |
| 650 | 0 | |a Literatura colonial |9 316413 | |
| 942 | |c BK |2 ddc | ||
| 945 | |d 20070124 00:00:00 |a rinostro | ||
| 952 | |0 0 |1 0 |4 0 |6 CH_860_000000000000000_SOL_1932 |7 0 |8 X |9 398539 |a FDOBUD |b FDOBUD |d 2019-11-22 |i 1011502 |o Ch860 SOL 1932 |p 1011502 |r 2019-11-22 |w 2019-11-22 |y BK_X |k BUD | ||